| 000 | 00611cab a2200229 4500 | ||
|---|---|---|---|
| 001 | ABS67589 | ||
| 008 | 040302n2004 000 0 eng u | ||
| 035 | _a(Sirsi) u125412 | ||
| 245 | _aFocus: East Midlands | ||
| 260 | _c2004 | ||
| 490 |
_aEstates Gazette _v (0408) 21 February 2004, 83-107 (10) |
||
| 590 | _aABS | ||
| 650 | _aEAST MIDLANDS | ||
| 650 | _aDISTRIBUTION | ||
| 650 | _aDISTRIBUTION WAREHOUSES | ||
| 650 | _aSHEDS | ||
| 650 | _aRUGBY | ||
| 650 | _aRUGBY RADIO STATION | ||
| 650 | _aGOLDEN TRIANGLE | ||
| 690 | _aPROPERTY-COMMERCIAL PROPERTY-COMMERCIAL PROPERTY MARKET | ||
| 942 | _n0 | ||
| 999 |
_c74268 _d74268 |
||